| 000 | 00431nam a2200169 a 4500 | ||
|---|---|---|---|
| 001 | 1525 | ||
| 003 | CDMR | ||
| 005 | 20130301093813.0 | ||
| 008 | 130130s1991||||||||||||||||||||||||||||d | ||
| 020 | _a8472341127 (o.c.) | ||
| 040 |
_aCDMR _bcat _cCPC LLEIDA |
||
| 100 | 1 |
_aLladonosa Pujol, Josep _91154 |
|
| 245 | 1 | 0 |
_aHistòria de Lleida _cJosep Lladonosa i Pujol |
| 260 |
_aLleida _c1991 _bDilagro |
||
| 300 | _a5 v. | ||
| 942 |
_cMON _2udc |
||
| 999 |
_c1525 _d1525 |
||